[Event "Superfinal (women)"]
[Site "Moscow"]
[Date "2020.12.13"]
[Round "8.3"]
[White "Kashlinskaya, Alina"]
[Black "Grigorieva, Yulia"]
[Result "1-0"]
[BlackElo "2290"]
[WhiteElo "2494"]
[LiveChessVersion "1.4.8"]

1. d4 {[%clk 1:30:57]} Nf6 {[%clk 1:30:55]} 2. c4 {[%clk 1:31:20]} e6
{[%clk 1:31:19]} 3. Nf3 {[%clk 1:31:45]} a6 {[%clk 1:31:38]} 4. Nc3
{[%clk 1:31:42]} d5 {[%clk 1:31:56]} 5. cxd5 {[%clk 1:31:55]} exd5
{[%clk 1:32:21]} 6. Bg5 {[%clk 1:32:10]} Be6 {[%clk 1:32:23]} 7. e3
{[%clk 1:32:25]} Nbd7 {[%clk 1:30:56]} 8. Bd3 {[%clk 1:32:40]} Bd6
{[%clk 1:30:56]} 9. O-O {[%clk 1:32:29]} c6 {[%clk 1:30:55]} 10. Bf4
{[%clk 1:25:51]} Qc7 {[%clk 1:31:10]} 11. Qd2 {[%clk 1:25:46]} O-O
{[%clk 1:25:08]} 12. h3 {[%clk 1:25:09]} Ne8 {[%clk 1:14:06]} 13. Rfe1
{[%clk 1:21:41]} Ndf6 {[%clk 1:02:52]} 14. Rac1 {[%clk 1:15:06]} Rd8
{[%clk 0:57:44]} 15. a4 {[%clk 1:07:53]} Qb6 {[%clk 0:50:27]} 16. Qc2
{[%clk 0:52:43]} h6 {[%clk 0:47:28]} 17. Ne2 {[%clk 0:48:48]} Bb4
{[%clk 0:44:07]} 18. Red1 {[%clk 0:48:48]} Nd6 {[%clk 0:43:11]} 19. Be5
{[%clk 0:45:32]} Nfe4 {[%clk 0:37:06]} 20. Nc3 {[%clk 0:45:12]} Rfe8
{[%clk 0:28:57]} 21. Nxe4 {[%clk 0:37:00]} dxe4 {[%clk 0:28:54]} 22. Bxe4
{[%clk 0:37:27]} Nxe4 {[%clk 0:27:50]} 23. Qxe4 {[%clk 0:37:52]} Bb3
{[%clk 0:24:53]} 24. Qg4 {[%clk 0:34:35]} Bf8 {[%clk 0:25:00]} 25. Re1
{[%clk 0:31:44]} Bxa4 {[%clk 0:19:33]} 26. Nh4 {[%clk 0:31:32]} Qb4
{[%clk 0:09:56]} 27. e4 {[%clk 0:26:11]} Re6 {[%clk 0:08:32]} 28. Re3
{[%clk 0:24:58]} Rxd4 {[%clk 0:07:47]} 29. Bxd4 {[%clk 0:23:50]} Qxd4
{[%clk 0:08:13]} 30. b3 {[%clk 0:23:56]} Qb2 {[%clk 0:04:07]} 31. Rd1
{[%clk 0:17:32]} Bxb3 {[%clk 0:04:35]} 32. Rd8 {[%clk 0:17:53]} a5
{[%clk 0:04:11]} 33. Nf5 {[%clk 0:17:11]} Qa1+ {[%clk 0:00:39]} 34. Kh2
{[%clk 0:17:39]} Qe5+ {[%clk 0:00:41]} 35. f4 {[%clk 0:15:25]} Qf6
{[%clk 0:00:36]} 36. Rxf8+ {[%clk 0:13:51]} Kxf8 {[%clk 0:00:47]} 37. Rxb3
{[%clk 0:14:18]} b5 {[%clk 0:00:35]} 38. e5 {[%clk 0:11:15]} Qg6 {[%clk 0:01:04]}
39. Nd4 {[%clk 0:07:46]} Qxg4 {[%clk 0:00:42]} 40. hxg4 {[%clk 0:38:14]} Rg6
{[%clk 0:30:49]} 41. Kh3 {[%clk 0:35:55]} a4 {[%clk 0:20:29]} 42. Ra3
{[%clk 0:33:48]} f6 {[%clk 0:09:18]} 43. e6 {[%clk 0:30:54]} h5 {[%clk 0:07:31]}
44. gxh5 {[%clk 0:29:54]} Rh6 {[%clk 0:07:57]} 45. g4 {[%clk 0:28:43]} f5
{[%clk 0:05:49]} 46. e7+ {[%clk 0:28:30]} Kf7 {[%clk 0:05:21]} 47. Re3
{[%clk 0:26:08]} fxg4+ {[%clk 0:05:46]} 48. Kxg4 {[%clk 0:26:33]} Rh8
{[%clk 0:06:10]} 49. Nf5 {[%clk 0:26:01]} 1-0

[Event "Superfinal (women)"]
[Site "Moscow"]
[Date "2020.12.13"]
[Round "8.4"]
[White "Shuvalova, Polina"]
[Black "Galliamova, Alisa"]
[Result "0-1"]
[BlackElo "2438"]
[WhiteElo "2456"]
[LiveChessVersion "1.4.8"]

1. e4 {[%clk 1:30:57]} e5 {[%clk 1:30:55]} 2. Nf3 {[%clk 1:31:22]} Nc6
{[%clk 1:31:19]} 3. Bb5 {[%clk 1:31:49]} Nf6 {[%clk 1:31:31]} 4. d3
{[%clk 1:28:23]} Bc5 {[%clk 1:31:22]} 5. Bxc6 {[%clk 1:28:43]} dxc6
{[%clk 1:31:41]} 6. Nbd2 {[%clk 1:27:59]} Nd7 {[%clk 1:31:12]} 7. O-O
{[%clk 1:27:43]} O-O {[%clk 1:27:13]} 8. c3 {[%clk 1:27:38]} Re8 {[%clk 1:23:59]}
9. Nc4 {[%clk 1:25:45]} b5 {[%clk 1:19:05]} 10. Na5 {[%clk 1:19:51]} Qf6
{[%clk 1:17:35]} 11. a4 {[%clk 1:17:02]} a6 {[%clk 1:09:37]} 12. b4
{[%clk 1:14:58]} Bf8 {[%clk 1:07:33]} 13. Nb3 {[%clk 1:10:17]} Nb6
{[%clk 1:02:19]} 14. axb5 {[%clk 1:10:05]} cxb5 {[%clk 1:02:34]} 15. Be3
{[%clk 0:59:19]} Bg4 {[%clk 0:55:32]} 16. h3 {[%clk 0:57:57]} Bh5
{[%clk 0:54:37]} 17. g4 {[%clk 0:48:29]} Bg6 {[%clk 0:54:21]} 18. Nfd2
{[%clk 0:47:21]} Na4 {[%clk 0:46:36]} 19. Qc2 {[%clk 0:47:17]} Qc6
{[%clk 0:41:30]} 20. Rac1 {[%clk 0:47:11]} Rad8 {[%clk 0:40:28]} 21. Rfd1
{[%clk 0:43:13]} Rd7 {[%clk 0:39:42]} 22. f3 {[%clk 0:42:52]} Red8
{[%clk 0:35:17]} 23. d4 {[%clk 0:41:03]} exd4 {[%clk 0:27:41]} 24. cxd4
{[%clk 0:40:10]} Qxc2 {[%clk 0:22:41]} 25. Rxc2 {[%clk 0:40:26]} Bxb4
{[%clk 0:23:00]} 26. Rdc1 {[%clk 0:34:31]} Ba3 {[%clk 0:21:32]} 27. Ra1
{[%clk 0:34:38]} Bb4 {[%clk 0:20:45]} 28. f4 {[%clk 0:31:15]} Bxd2
{[%clk 0:17:14]} 29. Nxd2 {[%clk 0:31:27]} Bxe4 {[%clk 0:16:59]} 30. Nxe4
{[%clk 0:27:11]} Re7 {[%clk 0:17:11]} 31. Bf2 {[%clk 0:24:40]} Rxe4
{[%clk 0:17:15]} 32. Rxc7 {[%clk 0:25:07]} Rxf4 {[%clk 0:15:20]} 33. Ra7
{[%clk 0:21:37]} h5 {[%clk 0:09:48]} 34. gxh5 {[%clk 0:12:42]} Rd5
{[%clk 0:09:37]} 35. Ra3 {[%clk 0:10:49]} Rxh5 {[%clk 0:07:47]} 36. Rxa6
{[%clk 0:07:44]} Rg5+ {[%clk 0:07:31]} 37. Rg3 {[%clk 0:07:23]} Rxg3+
{[%clk 0:07:46]} 38. Bxg3 {[%clk 0:07:51]} Rxd4 {[%clk 0:08:06]} 39. Ra8+
{[%clk 0:07:55]} Kh7 {[%clk 0:08:29]} 40. Rb8 {[%clk 0:38:15]} Rd5
{[%clk 0:34:03]} 41. Kg2 {[%clk 0:38:18]} Rf5 {[%clk 0:22:52]} 42. h4
{[%clk 0:38:26]} Nb2 {[%clk 0:21:52]} 43. Kh3 {[%clk 0:38:02]} Nd3
{[%clk 0:21:23]} 44. Kg4 {[%clk 0:37:12]} Kg6 {[%clk 0:19:45]} 45. Rb6+
{[%clk 0:32:24]} f6 {[%clk 0:20:08]} 46. Rb7 {[%clk 0:32:40]} b4 {[%clk 0:17:18]}
47. Bb8 {[%clk 0:30:11]} Rd5 {[%clk 0:09:12]} 48. Kf3 {[%clk 0:27:50]} Rd8
{[%clk 0:08:16]} 49. Bg3 {[%clk 0:27:07]} Rd4 {[%clk 0:07:21]} 50. Ke3
{[%clk 0:26:02]} Nc5 {[%clk 0:06:20]} 51. Rb6 {[%clk 0:17:59]} Rd3+
{[%clk 0:06:01]} 52. Kf4 {[%clk 0:18:26]} b3 {[%clk 0:06:09]} 0-1

[Event "Superfinal (women)"]
[Site "Moscow"]
[Date "2020.12.13"]
[Round "8.5"]
[White "Getman, Tatyana"]
[Black "Garifullina, Leya"]
[Result "0-1"]
[BlackElo "2348"]
[WhiteElo "2302"]
[LiveChessVersion "1.4.8"]

1. c4 {[%clk 1:30:58]} Nf6 {[%clk 1:30:51]} 2. Nc3 {[%clk 1:31:20]} e5
{[%clk 1:30:52]} 3. g3 {[%clk 1:31:16]} Bb4 {[%clk 1:31:13]} 4. e4
{[%clk 1:31:04]} Bxc3 5. dxc3 {[%clk 1:31:19]} d6 {[%clk 1:31:11]} 6. f3
{[%clk 1:31:04]} Nc6 {[%clk 1:31:26]} 7. Nh3 {[%clk 1:30:34]} h6 {[%clk 1:31:34]}
8. Nf2 {[%clk 1:30:01]} Be6 {[%clk 1:31:30]} 9. b3 {[%clk 1:27:26]} Qd7
{[%clk 1:29:55]} 10. Bg2 {[%clk 1:25:56]} a5 {[%clk 1:27:51]} 11. O-O
{[%clk 1:24:37]} a4 {[%clk 1:26:32]} 12. Be3 {[%clk 1:21:54]} O-O
{[%clk 1:24:33]} 13. Qe2 {[%clk 1:14:09]} Na5 {[%clk 1:22:32]} 14. f4
{[%clk 1:06:01]} Qc6 {[%clk 1:21:09]} 15. f5 {[%clk 1:03:44]} Bd7
{[%clk 1:21:28]} 16. Ng4 {[%clk 0:57:46]} Nxg4 {[%clk 1:21:40]} 17. Qxg4
{[%clk 0:58:09]} Kh8 {[%clk 1:20:52]} 18. Qh4 {[%clk 0:50:55]} f6
{[%clk 1:20:55]} 19. Rab1 {[%clk 0:49:52]} Be8 {[%clk 1:19:28]} 20. g4
{[%clk 0:49:15]} Kg8 {[%clk 1:16:32]} 21. Qg3 {[%clk 0:49:01]} Kf7
{[%clk 1:12:40]} 22. h4 {[%clk 0:48:33]} b6 {[%clk 1:09:57]} 23. g5
{[%clk 0:47:51]} hxg5 {[%clk 1:09:47]} 24. hxg5 {[%clk 0:48:16]} Rh8
{[%clk 1:09:35]} 25. c5 {[%clk 0:38:52]} bxc5 {[%clk 1:09:15]} 26. Kf2
{[%clk 0:38:35]} Ke7 {[%clk 1:08:07]} 27. gxf6+ {[%clk 0:17:05]} gxf6
{[%clk 1:08:16]} 28. Qg7+ {[%clk 0:17:31]} Bf7 {[%clk 1:08:30]} 29. Bg5
{[%clk 0:17:44]} fxg5 {[%clk 1:06:35]} 30. f6+ {[%clk 0:17:56]} Ke6
{[%clk 1:05:03]} 31. Bf3 {[%clk 0:17:42]} Rh4 {[%clk 1:02:39]} 32. Qxg5
{[%clk 0:17:30]} Rf4 {[%clk 1:02:54]} 33. Ke3 {[%clk 0:17:34]} Rxf3+
{[%clk 0:57:19]} 34. Rxf3 {[%clk 0:16:09]} d5 {[%clk 0:56:58]} 35. exd5+
{[%clk 0:11:12]} Qxd5 {[%clk 0:57:12]} 36. Rff1 {[%clk 0:11:22]} Nc6
{[%clk 0:55:44]} 37. Rbd1 {[%clk 0:04:24]} Nd4 {[%clk 0:54:39]} 38. c4
{[%clk 0:02:48]} Qc6 {[%clk 0:53:34]} 39. Qg4+ {[%clk 0:02:45]} Kd6
{[%clk 0:54:00]} 40. Qe4 {[%clk 0:31:01]} Qxe4+ {[%clk 1:23:14]} 41. Kxe4
{[%clk 0:31:26]} axb3 {[%clk 1:23:41]} 42. axb3 {[%clk 0:31:51]} Ra2
{[%clk 1:23:59]} 43. Rfe1 {[%clk 0:27:13]} Ke6 {[%clk 1:23:49]} 44. Rc1
{[%clk 0:24:55]} Bg6+ {[%clk 1:22:57]} 45. Ke3 {[%clk 0:25:23]} Nc2+
{[%clk 1:23:13]} 46. Rxc2 {[%clk 0:25:50]} Rxc2 {[%clk 1:23:38]} 47. Ra1
{[%clk 0:25:03]} Rc3+ {[%clk 1:24:01]} 48. Kd2 {[%clk 0:25:23]} Rxb3
{[%clk 1:24:21]} 49. Ra5 {[%clk 0:25:44]} Kxf6 {[%clk 1:24:09]} 50. Rxc5
{[%clk 0:26:09]} e4 {[%clk 1:23:01]} 51. Rc6+ {[%clk 0:26:34]} Kg5
{[%clk 1:23:23]} 52. Rxc7 {[%clk 0:26:20]} e3+ {[%clk 1:23:48]} 53. Kd1
{[%clk 0:26:43]} Bd3 {[%clk 1:23:55]} 54. Rc5+ {[%clk 0:27:10]} Kf4
{[%clk 1:24:16]} 55. Rb5 {[%clk 0:27:37]} Rxb5 {[%clk 1:24:29]} 56. cxb5
{[%clk 0:28:04]} Bxb5 {[%clk 1:24:54]} 0-1

[Event "Superfinal (women)"]
[Site "Moscow"]
[Date "2020.12.13"]
[Round "8.6"]
[White "Gunina, Valentina"]
[Black "Pogonina, Natalija"]
[Result "1-0"]
[BlackElo "2474"]
[WhiteElo "2451"]
[LiveChessVersion "1.4.8"]

1. d4 {[%clk 1:30:56]} Nf6 {[%clk 1:30:52]} 2. c4 {[%clk 1:31:19]} e6
{[%clk 1:31:18]} 3. Nf3 {[%clk 1:31:46]} d5 {[%clk 1:31:32]} 4. Nc3
{[%clk 1:30:57]} Be7 {[%clk 1:31:42]} 5. Bf4 {[%clk 1:31:00]} O-O
{[%clk 1:28:36]} 6. e3 {[%clk 1:30:10]} Nbd7 {[%clk 1:28:54]} 7. Be2
{[%clk 1:27:15]} dxc4 {[%clk 1:26:38]} 8. Bxc4 {[%clk 1:27:38]} c5
{[%clk 1:26:55]} 9. O-O {[%clk 1:25:26]} a6 {[%clk 1:05:05]} 10. Ne5
{[%clk 1:22:55]} cxd4 {[%clk 0:52:22]} 11. exd4 {[%clk 1:22:27]} Nb6
{[%clk 0:52:44]} 12. Bd3 {[%clk 1:21:52]} Bd7 {[%clk 0:48:31]} 13. Rc1
{[%clk 1:19:37]} Rc8 {[%clk 0:46:47]} 14. Qf3 {[%clk 1:11:34]} Nbd5
{[%clk 0:42:52]} 15. Bg5 {[%clk 1:09:47]} Nxc3 {[%clk 0:36:45]} 16. bxc3
{[%clk 1:09:17]} b5 {[%clk 0:30:55]} 17. Qh3 {[%clk 1:04:18]} g6 {[%clk 0:30:49]}
18. f4 {[%clk 1:04:25]} Rc7 {[%clk 0:24:48]} 19. Qh6 {[%clk 1:01:42]} Bc6
{[%clk 0:16:24]} 20. Rce1 {[%clk 0:53:57]} Ba8 {[%clk 0:08:27]} 21. Re3
{[%clk 0:50:08]} Nh5 {[%clk 0:04:13]} 22. Bxe7 {[%clk 0:41:40]} Rxe7
{[%clk 0:04:24]} 23. f5 {[%clk 0:37:12]} exf5 {[%clk 0:04:17]} 24. Bxf5
{[%clk 0:37:33]} Bd5 {[%clk 0:01:12]} 25. g4 {[%clk 0:35:44]} f6 {[%clk 0:00:53]}
26. Nxg6 {[%clk 0:34:53]} Rxe3 {[%clk 0:00:36]} 27. Qxe3 {[%clk 0:23:24]} hxg6
{[%clk 0:00:49]} 28. Bxg6 {[%clk 0:23:13]} Ng7 {[%clk 0:00:40]} 29. Qh6
{[%clk 0:22:35]} Re8 {[%clk 0:00:37]} 30. g5 {[%clk 0:19:27]} f5 {[%clk 0:00:34]}
31. Bh7+ {[%clk 0:17:26]} Kf7 {[%clk 0:00:54]} 32. Bxf5 {[%clk 0:16:29]} Nxf5
{[%clk 0:00:42]} 33. Rxf5+ {[%clk 0:16:50]} Kg8 {[%clk 0:00:51]} 34. Qg6+
{[%clk 0:15:10]} Kh8 {[%clk 0:01:17]} 35. Rf6 {[%clk 0:13:30]} Be4
{[%clk 0:00:36]} 36. Qh5+ {[%clk 0:13:14]} Bh7 {[%clk 0:00:36]} 37. Rf7
{[%clk 0:13:04]} 1-0

[Event "Superfinal (women)"]
[Site "Moscow"]
[Date "2020.12.14"]
[Round "9.1"]
[White "Pogonina, Natalija"]
[Black "Kosteniuk, Alexandra"]
[Result "0-1"]
[BlackElo "2471"]
[WhiteElo "2474"]
[LiveChessVersion "1.4.8"]

1. d4 {[%clk 1:30:56]} Nf6 {[%clk 1:30:55]} 2. c4 {[%clk 1:31:22]} e6
{[%clk 1:31:21]} 3. Nc3 {[%clk 1:31:45]} Bb4 {[%clk 1:31:47]} 4. Qc2
{[%clk 1:32:06]} c5 {[%clk 1:31:50]} 5. dxc5 {[%clk 1:32:24]} O-O
{[%clk 1:31:59]} 6. Bg5 {[%clk 1:21:37]} Na6 {[%clk 1:22:09]} 7. a3
{[%clk 1:21:16]} Bxc3+ {[%clk 1:22:06]} 8. Qxc3 {[%clk 1:21:40]} Nxc5
{[%clk 1:22:28]} 9. Bxf6 {[%clk 1:21:49]} Qxf6 {[%clk 1:22:40]} 10. Qxf6
{[%clk 1:22:11]} gxf6 {[%clk 1:23:08]} 11. e3 {[%clk 1:22:27]} b6
{[%clk 1:16:47]} 12. Rd1 {[%clk 1:20:18]} Rd8 {[%clk 1:16:19]} 13. Ne2
{[%clk 1:13:05]} Bb7 {[%clk 1:08:49]} 14. Nc3 {[%clk 1:04:48]} Ne4
{[%clk 1:04:58]} 15. Nxe4 {[%clk 0:52:53]} Bxe4 {[%clk 1:05:12]} 16. f3
{[%clk 0:53:07]} Bc6 {[%clk 0:49:56]} 17. Bd3 {[%clk 0:39:36]} Rac8
{[%clk 0:45:08]} 18. Rc1 {[%clk 0:32:39]} Ba4 {[%clk 0:41:53]} 19. Kd2
{[%clk 0:30:02]} Rc7 {[%clk 0:35:01]} 20. b4 {[%clk 0:25:35]} Rdc8
{[%clk 0:32:11]} 21. Rc3 {[%clk 0:24:02]} d6 {[%clk 0:29:23]} 22. Rhc1
{[%clk 0:15:44]} Bd7 {[%clk 0:28:12]} 23. g4 {[%clk 0:11:50]} Kg7
{[%clk 0:20:58]} 24. h4 {[%clk 0:11:41]} h6 {[%clk 0:20:38]} 25. h5
{[%clk 0:10:47]} f5 {[%clk 0:20:36]} 26. gxf5 {[%clk 0:09:36]} exf5
{[%clk 0:21:04]} 27. f4 {[%clk 0:09:36]} Kf6 {[%clk 0:21:25]} 28. Be2
{[%clk 0:09:30]} Be6 {[%clk 0:21:42]} 29. Kd3 {[%clk 0:05:10]} a5
{[%clk 0:21:03]} 30. Bf3 {[%clk 0:03:42]} axb4 {[%clk 0:21:22]} 31. axb4
{[%clk 0:04:09]} Ra7 {[%clk 0:21:47]} 32. Kd4 {[%clk 0:01:03]} Ra4
{[%clk 0:20:46]} 33. Rb1 {[%clk 0:00:53]} Ra2 {[%clk 0:19:57]} 34. Rbc1
{[%clk 0:00:44]} Rb2 {[%clk 0:07:05]} 35. b5 {[%clk 0:01:03]} d5 {[%clk 0:06:39]}
36. R1c2 {[%clk 0:01:10]} dxc4 {[%clk 0:05:19]} 37. e4 {[%clk 0:01:14]} Rxb5
{[%clk 0:04:23]} 38. e5+ {[%clk 0:01:30]} Ke7 {[%clk 0:04:45]} 39. Ra2
{[%clk 0:01:18]} Rd8+ {[%clk 0:04:58]} 40. Ke3 {[%clk 0:31:43]} Rb1
{[%clk 0:35:10]} 41. Bc6 {[%clk 0:28:01]} b5 {[%clk 0:34:36]} 42. Ra7+
{[%clk 0:22:28]} Kf8 {[%clk 0:34:21]} 43. Rca3 {[%clk 0:22:38]} b4
{[%clk 0:33:21]} 44. Ra8 {[%clk 0:22:46]} bxa3 {[%clk 0:32:07]} 45. Rxd8+
{[%clk 0:23:10]} Kg7 {[%clk 0:32:35]} 46. Ra8 {[%clk 0:22:23]} c3
{[%clk 0:33:00]} 0-1

[Event "Superfinal (women)"]
[Site "Moscow"]
[Date "2020.12.14"]
[Round "9.2"]
[White "Garifullina, Leya"]
[Black "Gunina, Valentina"]
[Result "1/2-1/2"]
[BlackElo "2451"]
[WhiteElo "2348"]
[LiveChessVersion "1.4.8"]

1. e4 {[%clk 1:30:55]} c6 {[%clk 1:30:56]} 2. d4 {[%clk 1:31:15]} d5
{[%clk 1:31:21]} 3. Nc3 {[%clk 1:31:41]} dxe4 {[%clk 1:31:47]} 4. Nxe4
{[%clk 1:32:06]} Nf6 {[%clk 1:32:10]} 5. Nxf6+ {[%clk 1:32:28]} exf6
{[%clk 1:32:37]} 6. c3 {[%clk 1:32:50]} Bd6 {[%clk 1:33:02]} 7. Bd3
{[%clk 1:33:15]} O-O {[%clk 1:33:19]} 8. Ne2 {[%clk 1:33:41]} Re8
{[%clk 1:33:30]} 9. O-O {[%clk 1:33:55]} Nd7 {[%clk 1:33:18]} 10. Bf4
{[%clk 1:34:12]} Nf8 {[%clk 1:33:20]} 11. Qd2 {[%clk 1:34:35]} Be6
{[%clk 1:31:12]} 12. Rfe1 {[%clk 1:30:33]} Ng6 {[%clk 1:29:45]} 13. Bxd6
{[%clk 1:30:29]} Qxd6 {[%clk 1:30:12]} 14. Ng3 {[%clk 1:30:42]} Re7
{[%clk 1:25:24]} 15. Ne4 {[%clk 1:25:09]} Qd5 {[%clk 1:23:44]} 16. Nc5
{[%clk 1:23:01]} Nh4 {[%clk 1:17:12]} 17. Bf1 {[%clk 1:17:29]} Rae8
{[%clk 1:15:44]} 18. Nxe6 {[%clk 1:16:51]} fxe6 {[%clk 1:09:20]} 19. Qf4
{[%clk 1:13:20]} Ng6 {[%clk 1:08:02]} 20. Qe4 {[%clk 1:12:22]} Qxe4
{[%clk 1:06:38]} 21. Rxe4 {[%clk 1:12:46]} e5 {[%clk 1:07:06]} 22. dxe5
{[%clk 1:12:54]} Rxe5 {[%clk 1:06:00]} 23. Rxe5 {[%clk 1:13:12]} Nxe5
{[%clk 1:05:19]} 24. Rd1 {[%clk 1:11:41]} g5 {[%clk 1:03:30]} 25. f3
{[%clk 1:10:40]} Kg7 {[%clk 1:02:13]} 26. Kf2 {[%clk 1:10:52]} f5
{[%clk 0:57:45]} 27. g3 {[%clk 1:10:27]} Re7 {[%clk 0:57:45]} 28. Be2
{[%clk 1:09:16]} Rd7 {[%clk 0:50:19]} 29. Rxd7+ {[%clk 1:07:32]} Nxd7
{[%clk 0:50:48]} 30. Ke3 {[%clk 1:06:34]} Kf6 {[%clk 0:51:13]} 31. f4
{[%clk 1:03:27]} gxf4+ {[%clk 0:50:48]} 32. Kxf4 {[%clk 1:01:33]} Nc5
{[%clk 0:51:01]} 33. b3 {[%clk 0:59:56]} h6 {[%clk 0:50:05]} 34. Ke3
{[%clk 0:57:34]} Ne4 {[%clk 0:47:31]} 35. Kd4 {[%clk 0:55:58]} c5+
{[%clk 0:42:19]} 36. Kd3 {[%clk 0:56:20]} Nd6 {[%clk 0:42:23]} 37. Bf3
{[%clk 0:55:46]} Ke5 {[%clk 0:42:12]} 38. b4 {[%clk 0:55:43]} b6 {[%clk 0:40:24]}
39. a4 {[%clk 0:55:44]} a5 {[%clk 0:37:59]} 40. bxa5 {[%clk 1:25:42]} bxa5
{[%clk 1:08:25]} 41. Bc6 {[%clk 1:23:50]} Kf6 {[%clk 1:07:15]} 42. Bd5
{[%clk 1:22:56]} Kg5 {[%clk 1:06:50]} 43. Bf3 {[%clk 1:22:54]} Kf6
{[%clk 1:04:00]} 44. Bc6 {[%clk 1:22:32]} Ke5 {[%clk 1:04:08]} 45. Bf3
{[%clk 1:22:50]} f4 {[%clk 1:01:57]} 46. g4 {[%clk 1:22:48]} c4+ {[%clk 1:02:19]}
47. Ke2 {[%clk 1:22:30]} Nf7 {[%clk 1:02:01]} 48. Bb7 {[%clk 1:21:41]} Ng5
{[%clk 0:58:52]} 49. h4 {[%clk 1:21:29]} Ne6 {[%clk 0:59:18]} 50. Kf3
{[%clk 1:21:35]} Nc5 {[%clk 0:59:43]} 51. Bc6 {[%clk 1:21:53]} Nb3
{[%clk 1:00:03]} 52. g5 {[%clk 1:19:40]} hxg5 {[%clk 0:56:33]} 53. hxg5
{[%clk 1:19:52]} Nc5 {[%clk 0:42:18]} 54. Kg4 {[%clk 1:14:20]} Nd3
{[%clk 0:32:09]} 55. Kh5 {[%clk 1:09:28]} Ke6 {[%clk 0:29:54]} 56. g6
{[%clk 1:07:03]} Ne5 {[%clk 0:27:31]} 57. Be4 {[%clk 1:06:40]} Kf6
{[%clk 0:11:23]} 58. Kh6 {[%clk 1:06:37]} f3 {[%clk 0:11:33]} 59. g7
{[%clk 1:06:19]} Nf7+ {[%clk 0:10:41]} 60. Kh7 {[%clk 1:06:36]} Ng5+
{[%clk 0:09:21]} 61. Kh8 {[%clk 1:06:57]} Nf7+ {[%clk 0:09:14]} 62. Kg8
{[%clk 1:07:20]} f2 {[%clk 0:08:47]} 63. Bg2 {[%clk 1:07:41]} Ng5
{[%clk 0:08:43]} 64. Kh8 {[%clk 1:07:44]} Nf7+ {[%clk 0:09:05]} 1/2-1/2

[Event "Superfinal (women)"]
[Site "Moscow"]
[Date "2020.12.14"]
[Round "9.3"]
[White "Galliamova, Alisa"]
[Black "Getman, Tatyana"]
[Result "1-0"]
[BlackElo "2302"]
[WhiteElo "2438"]
[LiveChessVersion "1.4.8"]

1. d4 {[%clk 1:30:57]} Nf6 {[%clk 1:30:55]} 2. c4 {[%clk 1:31:22]} e6
{[%clk 1:31:20]} 3. g3 {[%clk 1:31:45]} d5 {[%clk 1:31:43]} 4. Bg2
{[%clk 1:32:08]} dxc4 {[%clk 1:29:49]} 5. Qa4+ {[%clk 1:29:50]} c6
{[%clk 1:26:44]} 6. Qxc4 {[%clk 1:29:14]} b5 {[%clk 1:26:48]} 7. Qd3
{[%clk 1:23:51]} Bb7 {[%clk 1:26:29]} 8. Nh3 {[%clk 1:12:47]} Nbd7
{[%clk 1:24:49]} 9. O-O {[%clk 1:12:49]} Be7 {[%clk 1:18:02]} 10. Nc3
{[%clk 1:06:23]} a6 {[%clk 1:17:30]} 11. a3 {[%clk 1:00:21]} O-O {[%clk 1:16:13]}
12. b4 {[%clk 0:57:57]} e5 {[%clk 1:07:55]} 13. dxe5 {[%clk 0:50:12]} Nxe5
{[%clk 1:08:19]} 14. Qc2 {[%clk 0:46:26]} Qc8 {[%clk 0:59:08]} 15. Ng5
{[%clk 0:40:36]} c5 {[%clk 0:54:36]} 16. Bxb7 {[%clk 0:31:24]} Qxb7
{[%clk 0:55:01]} 17. bxc5 {[%clk 0:31:24]} Bxc5 {[%clk 0:49:21]} 18. Bb2
{[%clk 0:25:32]} Qc8 {[%clk 0:43:21]} 19. Rac1 {[%clk 0:23:53]} Be7
{[%clk 0:34:15]} 20. Nd5 {[%clk 0:21:46]} Ng6 {[%clk 0:28:52]} 21. Qxg6
{[%clk 0:21:43]} 1-0